| 000 | 00395nam a2200109Ia 4500 | ||
|---|---|---|---|
| 008 | 220204s9999 xx 000 0 und d | ||
| 082 |
_a031 _bMON |
||
| 245 | 0 | _aMonthly statistics of the forein trade of India. Vol. I.Exports.Vol II. Exports including re-exports.2014 (CD) | |
| 260 |
_aKolkata _bDirectorate General of Commercial Intelligence of Statistics _c2014 |
||
| 300 | _eCD Form | ||
| 942 | _cBK | ||
| 999 |
_c43164 _d43164 |
||